[Event "HUN-chT2 Asztalos 1213"]
[Site "Hungary"]
[Date "2012.10.07"]
[Round "2.8"]
[White "Ragyelik, Andras"]
[Black "Nemeth, Miklos"]
[Result "0-1"]
[WhiteElo "1809"]
[BlackElo "2446"]
[PlyCount "92"]
[EventDate "2012.09.16"]
[EventType "team-tourn"]
[EventRounds "9"]
[EventCountry "HUN"]
[SourceTitle "EXT 2014"]
[Source "ChessBase"]
[SourceDate "2013.11.20"]
[SourceVersion "1"]
[SourceVersionDate "2013.11.20"]
[SourceQuality "1"]
[WhiteTeam "Dunaujvaros"]
[BlackTeam "Decs II"]
[WhiteTeamCountry "HUN"]
[BlackTeamCountry "HUN"]

1. d4 e6 2. c4 b6 3. Nf3 Bb7 4. Nbd2 Nf6 5. g3 c5 6. e3 cxd4 7. exd4 d5 8. Bg2 Nbd7 9. 0-0 Ba6 10. Qa4 Bb7 11. Ne5 Bd6 12. Re1 0-0 13. Nxd7 Qxd7 14. Qxd7 Nxd7 15. cxd5 Bxd5 16. Bxd5 exd5 17. Nf3 Rac8 18. Bd2 Nf6 19. Rac1 Ne4 20. Rxc8 Rxc8 21. Rc1 Rc4 22. Be3 f6 23. b3 Rxc1+ 24. Bxc1 Nc3 25. Kf1 Nxa2 26. Bb2 Kf7 27. Ke2 Ke6 28. g4 Bf4 29. Kd3 a5 30. h3 b5 31. Ba3 Bd6 32. Bc5 Nc1+ 33. Kc2 Ne2 34. Kd2 Nf4 35. h4 Kd7 36. Bxd6 Kxd6 37. Ke3 Ng2+ 38. Kd3 Ke6 39. Ke2 a4 40. bxa4 bxa4 41. Kd2 h5 42. g5 Kf5 43. gxf6 gxf6 44. Kc3 Kf4 45. Ng5 fxg5 46. hxg5 Kxg5 0-1

[Event "Dunaujvaros op"]
[Site "Dunaujvaros"]
[Date "2011.03.12"]
[Round "2"]
[White "Nemeth, Gergely"]
[Black "Ragyelik, Andras"]
[Result "1-0"]
[WhiteElo "1930"]
[BlackElo "1766"]
[PlyCount "55"]
[EventDate "2011.03.12"]
[EventType "swiss"]
[EventRounds "7"]
[EventCountry "HUN"]
[SourceTitle "CBM 141 Extra"]
[Source "ChessBase"]
[SourceDate "2011.05.03"]
[SourceVersion "1"]
[SourceVersionDate "2011.05.03"]
[SourceQuality "1"]

1. e4 d5 2. exd5 Nf6 3. d4 Nxd5 4. c4 Nb6 5. Nc3 g6 6. Nf3 Bg7 7. Be3 Nc6 8. Qd2 0-0 9. Bh6 Bg4 10. d5 Bxh6 11. Qxh6 Bxf3 12. gxf3 Nd4 13. 0-0-0 Nf5 14. Qf4 Qd6 15. Qe4 Qc5 16. Qc2 Nd6 17. a3 Qa5 18. Ne4 Qa4 19. Qc3 Nxe4 20. fxe4 Nd7 21. Bd3 Nc5 22. Bc2 Qd7 23. f4 b5 24. Rhg1 Rab8 25. b4 Na4 26. Qg3 bxc4 27. f5 Rb6 28. e5 1-0

[Event "HUN-chT2 Asztalos 0910"]
[Site "Hungary"]
[Date "2010.04.18"]
[Round "10"]
[White "Ragyelik, Andras"]
[Black "Miovecz, Adam"]
[Result "1-0"]
[WhiteElo "1734"]
[BlackElo "1743"]
[PlyCount "55"]
[EventDate "2009.11.08"]
[EventType "team-tourn"]
[EventRounds "11"]
[EventCountry "HUN"]
[SourceTitle "EXT 2011"]
[Source "ChessBase"]
[SourceDate "2010.11.26"]
[SourceVersion "1"]
[SourceVersionDate "2010.11.26"]
[SourceQuality "1"]
[WhiteTeam "Dunaujvaros"]
[BlackTeam "Szenna Pack"]
[WhiteTeamCountry "HUN"]
[BlackTeamCountry "HUN"]

1. e4 c5 2. c3 e6 3. d4 d5 4. exd5 Qxd5 5. a3 cxd4 6. cxd4 Nc6 7. Nf3 Nf6 8. Be3 Be7 9. Nc3 Qa5 10. Bc4 Ne4 11. Qd3 Nd6 12. Ba2 0-0 13. 0-0 b6 14. b4 Qh5 15. d5 Nd8 16. Ne2 e5 17. Ng3 e4 18. Nxh5 exd3 19. Nf4 a5 20. Nxd3 axb4 21. axb4 b5 22. Bb3 Rb8 23. Ra7 N8b7 24. Nc5 Nf5 25. Na6 Nxe3 26. fxe3 Bf5 27. Nxb8 Rxb8 28. Ne5 1-0

[Event "HUN-chT2 Asztalos 0910"]
[Site "Hungary"]
[Date "2010.03.21"]
[Round "8"]
[White "Ragyelik, Andras"]
[Black "Bogar, Peter"]
[Result "1-0"]
[WhiteElo "1734"]
[BlackElo "2006"]
[PlyCount "37"]
[EventDate "2009.11.08"]
[EventType "team-tourn"]
[EventRounds "11"]
[EventCountry "HUN"]
[SourceTitle "EXT 2011"]
[Source "ChessBase"]
[SourceDate "2010.11.26"]
[SourceVersion "1"]
[SourceVersionDate "2010.11.26"]
[SourceQuality "1"]
[WhiteTeam "Dunaujvaros"]
[BlackTeam "Decs II"]
[WhiteTeamCountry "HUN"]
[BlackTeamCountry "HUN"]

1. e4 c5 2. c3 d5 3. exd5 Qxd5 4. d4 Nf6 5. Nf3 Bg4 6. Be2 e6 7. a3 Nc6 8. 0-0 Rd8 9. Be3 cxd4 10. cxd4 Be7 11. Nc3 Qd6 12. Qa4 0-0 13. Rad1 Qb8 14. Rd2 Rd7 15. Ne5 Nxe5 16. dxe5 b5 17. Qf4 Bxe2 18. exf6 e5 19. Qg3 1-0

[Event "HUN-chT2 Asztalos 0809"]
[Site "Hungary"]
[Date "2009.04.19"]
[Round "11"]
[White "Ragyelik, Andras"]
[Black "Bogar, Peter"]
[Result "1-0"]
[WhiteElo "1734"]
[BlackElo "1955"]
[PlyCount "81"]
[EventDate "2008.10.26"]
[EventType "team-tourn"]
[EventRounds "11"]
[EventCountry "HUN"]
[SourceTitle "EXT 2010"]
[Source "ChessBase"]
[SourceDate "2010.11.25"]
[SourceVersion "1"]
[SourceVersionDate "2010.11.25"]
[SourceQuality "1"]
[WhiteTeam "Dunaujvaros"]
[BlackTeam "Szekszard/Decs II"]
[WhiteTeamCountry "HUN"]
[BlackTeamCountry "HUN"]

1. e4 c5 2. c3 d5 3. exd5 Qxd5 4. d4 Nf6 5. Nf3 Bg4 6. Be2 e6 7. a3 Be7 8. Be3 cxd4 9. cxd4 Nc6 10. Nc3 Qd6 11. h3 Bh5 12. Nd2 Bxe2 13. Nxe2 0-0 14. 0-0 Rac8 15. Rc1 Rfd8 16. b4 b5 17. Nb3 Qb8 18. Qe1 a5 19. Nc5 axb4 20. axb4 Nd5 21. Rb1 e5 22. dxe5 Nxe3 23. fxe3 Nxe5 24. Qc1 Nd3 25. Qa3 Qe5 26. Rf3 Nxc5 27. bxc5 Bxc5 28. Qb3 Rd5 29. Rbf1 Rc7 30. Nf4 Rdd7 31. Kh1 Rb7 32. Nd3 Qd6 33. Nxc5 Qxc5 34. Rf5 Qc4 35. Qa3 Ra7 36. Qb2 Rab7 37. Rc1 Qd3 38. Rc8+ Rd8 39. Qb3 Qd7 40. Qxf7+ Qxf7 41. Rxd8+ 1-0

[Event "HUN-chT2 Asztalos 0809"]
[Site "Hungary"]
[Date "2008.11.02"]
[Round "2"]
[White "Csire, Bence"]
[Black "Ragyelik, Andras"]
[Result "1-0"]
[WhiteElo "1813"]
[BlackElo "1734"]
[PlyCount "133"]
[EventDate "2008.10.26"]
[EventType "team-tourn"]
[EventRounds "11"]
[EventCountry "HUN"]
[SourceTitle "EXT 2010"]
[Source "ChessBase"]
[SourceDate "2010.11.25"]
[SourceVersion "1"]
[SourceVersionDate "2010.11.25"]
[SourceQuality "1"]
[WhiteTeam "MAV Elore"]
[BlackTeam "Dunaujvaros"]
[WhiteTeamCountry "HUN"]
[BlackTeamCountry "HUN"]

1. e4 c5 2. Nf3 e6 3. d4 cxd4 4. Nxd4 a6 5. Nc3 Qc7 6. Be2 Nf6 7. 0-0 Be7 8. Re1 d6 9. Bf3 Bd7 10. a4 Nc6 11. Nb3 b6 12. g3 Ne5 13. Bg2 Bc6 14. f4 Ng6 15. e5 Nd7 16. exd6 Bxd6 17. Bxc6 Qxc6 18. Ne4 Be7 19. Nd4 Bc5 20. Nxc5 Qxc5 21. Be3 Qd5 22. f5 Ne7 23. fxe6 fxe6 24. Qg4 Kf7 25. Nxe6 Qxe6 26. Qxe6+ Kxe6 27. Bg5+ Ne5 28. Bxe7 Kxe7 29. Rxe5+ Kd6 30. Rae1 Rac8 31. Re6+ Kd7 32. Rxb6 Rxc2 33. Rxa6 Rxb2 34. Ra7+ Kc6 35. Rxg7 Ra2 36. Rg4 Ra8 37. Ree4 Ra5 38. Re6+ Kd7 39. Rh6 R5xa4 40. Rxh7+ Ke6 41. Rxa4 Rxa4 42. Kg2 Kf6 43. h4 Rg4 44. Kf3 Ra4 45. Rd7 Kg6 46. Re7 Kf6 47. Re4 Ra1 48. Kg4 Ra5 49. Rf4+ Kg6 50. h5+ Kg7 51. Rf5 Ra6 52. Kg5 Ra7 53. g4 Rb7 54. h6+ Kh7 55. Kh5 Rb1 56. Rf7+ Kg8 57. Kg6 Rb6+ 58. Rf6 Rb8 59. g5 Ra8 60. Rb6 Rc8 61. Rb7 Rd8 62. Rb6 Rc8 63. Rb5 Rc6+ 64. Kh5 Rd6 65. g6 Rd8 66. h7+ Kg7 67. Rb7+ 1-0

[Event "HUN-ch U18"]
[Site "Miskolc"]
[Date "2004.07.09"]
[Round "5"]
[White "Strenner, Balazs"]
[Black "Ragyelik, Andras"]
[Result "1-0"]
[WhiteElo "1937"]
[BlackElo "1807"]
[PlyCount "47"]
[EventDate "2004.07.05"]
[EventType "swiss"]
[EventRounds "9"]
[EventCountry "HUN"]
[SourceTitle "EXT 2008"]
[Source "ChessBase"]
[SourceDate "2007.11.25"]
[SourceVersion "1"]
[SourceVersionDate "2007.11.25"]
[SourceQuality "1"]

1. e4 e5 2. Nf3 Nf6 3. Nxe5 d6 4. Nf3 Nxe4 5. d4 d5 6. Bd3 Bd6 7. 0-0 0-0 8. c4 c6 9. Qc2 f5 10. Nc3 Nxc3 11. bxc3 g6 12. cxd5 cxd5 13. c4 dxc4 14. Bxc4+ Kg7 15. d5 Be7 16. Re1 Bf6 17. Rb1 Nd7 18. Ba3 Re8 19. Rxe8 Qxe8 20. Re1 Qd8 21. d6 Nf8 22. Re7+ Kh8 23. Qb2 Nd7 24. Ng5 1-0

[Event "HUN-ch U18"]
[Site "Miskolc"]
[Date "2004.07.05"]
[Round "1"]
[White "Ragyelik, Andras"]
[Black "Nagy, Daniel"]
[Result "0-1"]
[WhiteElo "1807"]
[BlackElo "2178"]
[PlyCount "62"]
[EventDate "2004.07.05"]
[EventType "swiss"]
[EventRounds "9"]
[EventCountry "HUN"]
[SourceTitle "EXT 2008"]
[Source "ChessBase"]
[SourceDate "2007.11.25"]
[SourceVersion "1"]
[SourceVersionDate "2007.11.25"]
[SourceQuality "1"]

1. e4 c5 2. c3 Nf6 3. e5 Nd5 4. d4 cxd4 5. Nf3 d6 6. cxd4 e6 7. Bc4 Nb6 8. Bb5+ Bd7 9. Bxd7+ Qxd7 10. 0-0 Be7 11. Nc3 Nc6 12. Bf4 0-0 13. Rc1 Nb4 14. Bg5 Bxg5 15. Nxg5 dxe5 16. dxe5 Nd3 17. Rc2 Nxe5 18. Qh5 h6 19. Nge4 Ng6 20. Rd1 Qe7 21. Nb5 Nd5 22. Nec3 Nxc3 23. Rxc3 a6 24. Rc7 Qb4 25. Nc3 Rac8 26. Rdd7 Rxc7 27. Rxc7 Qxb2 28. h3 b5 29. Qf3 b4 30. Ne4 Qa1+ 31. Kh2 Qe5+ 0-1